Slovenská technická univerzita, Elektrotechnická fakulta Bratislava : 50 rokov

Salvato in:
Dettagli Bibliografici
Natura: Libro
Lingua:slovacco
Pubblicazione: Bratislava : STU v Bratislave, 1991
Edizione:1.vyd.
Tags: Aggiungi Tag
Nessun Tag, puoi essere il primo ad aggiungerne!!

MARC

LEADER 00000nam a22000003a 4500
001 stu6302
005 20150408181959.6
008 940721s1991----cs------------------slo-d
040 |a STU  |b slo 
041 0 |a slo 
044 |a cs 
080 |a 378.662.13(437.6-25) 
080 |a 061.75 
245 |a Slovenská technická univerzita, Elektrotechnická fakulta Bratislava :  |b 50 rokov 
250 |a 1.vyd. 
260 |a Bratislava :  |b STU v Bratislave,  |c 1991 
300 |a 143 s 
996 |c I*23P7948  |l I  |s P  |a 0  |w stu6302_0001